| 000 | 01020cac a22002775a 4500 | ||
|---|---|---|---|
| 008 | 120517r2008 n a||||r|||| 001 0 eng d | ||
| 010 | _a 2006041923 | ||
| 020 | _a0073529516 | ||
| 020 | _a9780073529516 | ||
| 040 |
_beng _dEG-ScBUE |
||
| 082 | 0 | 4 |
_a629.8 _bGOP _222 |
| 100 | 1 |
_aGopal, M. _929984 |
|
| 245 | 1 | 0 |
_aControl Systems : _bPrinciples and Design / _cM. Gopal. |
| 260 |
_aNew York : _bMcGraw-Hill / The McGraw-Hill Companies, Inc., _cc.2008. |
||
| 300 |
_axvii, 971 p. : _bill. ; _c24 cm. |
||
| 500 | _aIndex : p. 961-971. | ||
| 504 | _aIncludes bibliographical references. | ||
| 590 | _aDoha Ragab Reviewed by; Wessam | ||
| 650 | 0 |
_aAutomatic control. _929985 _2BUEsh |
|
| 650 | 0 |
_aControl theory. _2BUEsh |
|
| 651 | _2BUEsh | ||
| 653 | _bENGELC | ||
| 856 | 4 | 2 |
_3Publisher description _uhttp://www.loc.gov/catdir/enhancements/fy0668/2006041923-d.html |
| 856 | 4 | 2 |
_3Table of contents only _uhttp://www.loc.gov/catdir/enhancements/fy0740/2006041923-t.html |
| 942 |
_cBB _k629.8 GOP _2ddc |
||
| 999 |
_c8211 _d8211 |
||